| 000 | 01341cam a2200313 4500 | ||
|---|---|---|---|
| 001 | ABS64205 | ||
| 008 | 000000n2001 000 0 eng u | ||
| 035 | _a(Sirsi) u113426 | ||
| 100 | _aMcDonald, C. | ||
| 245 | _aScottish EPA waste data strategy | ||
| 260 | _c2001 | ||
| 490 |
_aWastes Management _vJune 2001, 50-52(3) |
||
| 520 | _aDiscusses the development, implementation and methodology of the Waste Data Strategy (WDS) by the Scottish Environment Protection Agency (SEPA) which aims to collate data on waste management activities for use in the regulation of waste facilities, the planning of sustainable waste management, the development and monitoring of waste policy, and the development of output measures. The SEPA intends to publish digests of the data collected on its website at http://www.sepa.org.uk. | ||
| 590 | _aABS | ||
| 650 | _aDATA COLLECTION | ||
| 650 | _aREGULATION | ||
| 650 | _aSCOTLAND | ||
| 650 | _aSCOTTISH ENVIRONMENT PROTECTION AGENCY | ||
| 650 | _aSEPA | ||
| 650 | _aSUSTAINABLE WASTE MANAGEMENT | ||
| 650 | _aWASTE DATA STRATEGIES | ||
| 650 | _aWASTE HANDLING FACILITIES | ||
| 650 | _aWASTE DISPOSAL PLANS | ||
| 650 | _aWASTE DISPOSAL SITES | ||
| 650 | _aWASTE DISPOSAL STRATEGY | ||
| 650 | _aWDAS | ||
| 690 | _aENVIRONMENTAL AND LAND CONSULTANCY-WASTE MANAGEMENT | ||
| 942 | _n0 | ||
| 999 |
_c67580 _d67580 |
||